000
00294nam a2200121Ia 4500
005
20250409180945.0
008
250409s9999||||xx |||||||||||||| ||und||
100
_a
RATHOR, BS
245
0
_a
EXPORT MARKETING
260
_b
HIMALAYA PUBLISHING HOUSE,
_a
DELHI:
650
_v
Management
942
_c
BOOK
999
_c
4303
_d
4303